История открытий ископаемых богатств нашей страны (Запис № 306644)

МАРК-запис
000 -Лідер
fixed length control field 00790nam a22002417a 4500
001 - Контрольний номер
control field 20466
003 - Ідентифікатор контрольного номера
control field UA-OsUOA
005 - Дата та час останнього входження (трансакції)
control field 20210915214907.0
007 - Фіксоване поле фізичного опису
fixed length control field ta
008 - Елементи даних фіксованої довжини – загальна інформація
fixed length control field 20031029b un ||||| |||| 00| 0 ukr d
040 ## - Джерело каталогізації
Агенція оригінальної каталогізації UA-OsUOA
Мова каталогізації rus
Агенція, яка здійснювала перезапис UA-OsUOA
Агенція, яка здійснювала модифікацію UA-OsUOA
041 ## - Код мови
Код мови тексту/ звукової доріжки чи окремого заголовка (П) rus
044 ## - Код країни видавця/ виробника
Код країни видавця/ виробника (П) RU
080 ## - Індекс Універсальної десяткової класифікації
Індекс Універсальної десяткової класифікації (УДК) (НП) 910.4(091)(47+57)
090 ## - Локальний шифр розміщення
Класифікаційний індекс УДК 910.4(091)(47+57)
Авторський знак (НП) Б91
100 ## - Основне введення – ім’я особи
Ім’я особи (НП) Бублейников Ф.
245 ## - Відомості про назву
Назва (НП) История открытий ископаемых богатств нашей страны
Дані про відповідальність (НП) ред. Д. И. Щербаков
260 ## - Публікація, розповсюдження і т.п. (Вихідні дані)
Місце публікації, розповсюдження і т.п. (П) Москва
Ім’я/ наймення видавництва, розповсюджувача і т.п. (П) Государственное издательство географической литературы
Дата публікації, розповсюдження і т.п. (П) 1948
300 ## - Фізичний опис
Обсяг 343 с.
Інші фізичні характеристики (НП) Ілюстрації
650 #7 - Додаткове предметне введення – тематичний термін
Джерело заголовка чи терміна UDC
942 ## - Додаткові елементи входу (Коха)
Тип елемента Koha Книги
Source of classification or shelving scheme Universal Decimal Classification
955 ## - Код типу видання за змістом
Код типу видання за змістом (НП) інше
Фонди
Стан вилучень Стан втрат Джерело класифікації або схеми стелажів Стан уражень Не для кредиту Постійне місце розташування Поточне розміщення Дата придбання Інвентарний номер Усього замовленно Повний номер виклику Штрих-код Дата останнього перегляду Ціна ефективна від Тип елемента Koha
    Universal Decimal Classification     АБ - Абонемент НБ АБ - Абонемент НБ 29/10/2003 30481   910.4(091)(47+57) Б91 30481 13/05/2022 29/10/2003 Книги